UEFA Super Cup Winners - Estadísticas

Estadísticas generales
  • Esta prueba ha sido intentada 113 veces
    4 desde el último reinicio
  • La puntuación promedio es 33 de 50
Estadísticas de respuestas
Hint Respuesta % Correcto
2010 Atlético de Madrid
100%
2012 Atlético de Madrid
100%
2018 Atlético de Madrid
100%
1992 Barcelona
100%
1997 Barcelona
100%
2009 Barcelona
100%
2011 Barcelona
100%
2015 Barcelona
100%
1984 Juventus
100%
1996 Juventus
100%
1977 Liverpool
100%
2001 Liverpool
100%
2005 Liverpool
100%
2019 Liverpool
100%
2023 Manchester City
100%
1991 Manchester United
100%
2025 PSG
100%
2002 Real Madrid
100%
2014 Real Madrid
100%
2016 Real Madrid
100%
2017 Real Madrid
100%
2022 Real Madrid
100%
2024 Real Madrid
100%
2006 Sevilla
100%
1989 AC Milan
67%
1990 AC Milan
67%
1994 AC Milan
67%
2003 AC Milan
67%
2007 AC Milan
67%
1973 Ajax
67%
1995 Ajax
67%
1998 Chelsea
67%
2021 Chelsea
67%
1987 Porto
67%
1982 Aston Villa
33%
2013 Bayern München
33%
2020 Bayern München
33%
2000 Galatasaray
33%
1999 Lazio
33%
1979 Nottingham Forest
33%
1980 Valencia
33%
2004 Valencia
33%
1983 Aberdeen
0%
1976 Anderlecht
0%
1978 Anderlecht
0%
1975 Dinamo Kiev
0%
1988 Mechelen
0%
1993 Parma
0%
1986 Steaua București
0%
2008 Zenit
0%
No se encontraron pruebas coincidentes
Distribución de puntuación
Porcentaje de gente con cada puntuación
Porcentaje por número respondido
Historial de tus puntuaciones
No has intentado esta prueba desde el último reinicio